FIRTINA BENZEMA (Record no. 1161566)

MARC details
000 -LEADER
sabit uzunluktaki kontrol alanı 00238nam a2200097Ia 4500
001 - KONTROL NUMARASI
kontrol alanı 1161566
005 - EN SON İŞLEMİN TARİH VE ZAMANI
kontrol alanı 20250827011628.0
008 - SABİT-UZUNLUKTA VERİ ÖĞELERİ--GENEL BİLGİ
sabit uzunluktaki kontrol alanı 250824s9999 xx 000 0 und d
245 #0 - ESER / YAZAR
ESER ADI FIRTINA BENZEMA
Yazar Adı DİEGO ROBERTO
260 ## - YAYIN, DAĞITIM, VB.
YAYIN EVİ DOKUZ ÇOCUK
Holdings
Düşüm durumu Kayıp durumu Hasar Durumu Ödünç verilmez Ana kütüphane Geçerli Kütüphane Edinilen tarih Toplam ödünç verme sayısı Barkod Son görüntüleme tarihi Son ödünç verme tarihi Fiyatın geçerli olmaya başladığı tarih Koha materyal türü
        BORSA İSTANBUL ORTAOKULU BORSA İSTANBUL ORTAOKULU 24.08.2025 9 10317034 21.04.2026 07.04.2026 27.08.2025 Books